| 000 | 00000nam 2200000zi 4500 |
| 001 | 9.943908 |
| 003 | CaOODSP |
| 005 | 20241216140459 |
| 006 | m o d f |
| 007 | cr mn||||||||| |
| 008 | 241008t20242024onc ob f000 0 fre d |
| 020 | |a9780660739441 |
| 040 | |aCaOODSP|bfre|erda|cCaOODSP |
| 043 | |an-cn--- |
| 086 | 1 |aH21-312/2024F-PDF |
| 245 | 00|aEnquête canadienne sur le cannabis 2024 : |brapport méthodologique / |cpréparé pour Santé Canada. |
| 264 | 1|aOttawa (Ontario) : |bSanté Canada = Health Canada, |c2024. |
| 264 | 4|c©2024 |
| 300 | |a1 ressource en ligne (103 pages) : + |esommaire (4 pages non numérotées) + tableaux de données (171 pages non numérotées) |
| 336 | |atexte|btxt|2rdacontent/fre |
| 337 | |ainformatique|bc|2rdamedia/fre |
| 338 | |aressource en ligne|bcr|2rdacarrier/fre |
| 500 | |aPublié aussi en anglais sous le titre : The Canadian cannabis survey 2024 : methodological report. |
| 500 | |a« Nom du fournisseur: Advanis. » |
| 500 | |a« Numéro de contrat: HT372-23-5583. » |
| 500 | |a« Numéro d'enregistrement: POR 128-23. » |
| 500 | |a« Juillet 2024 » -- Page 1. |
| 504 | |aComprend des références bibliographiques. |
| 650 | 6|aCannabis|zCanada|xOpinion publique. |
| 650 | 6|aMarijuana|zCanada|xOpinion publique. |
| 650 | 6|aMarijuana|xAbus|zCanada|xOpinion publique. |
| 650 | 6|aMarijuana|xEmploi en thérapeutique|zCanada|xOpinion publique. |
| 650 | 6|aOpinion publique|zCanada. |
| 710 | 1 |aCanada. |bSanté Canada, |eorganisme de publication. |
| 710 | 2 |aAdvanis (Firme), |econsultant. |
| 775 | 08|tThe Canadian cannabis survey 2024 : |w(CaOODSP)9.943907 |
| 795 | |tThe Canadian cannabis survey 2023 : |w(CaOODSP)9.930531 |
| 856 | 40|qPDF|s5.17 Mo|uhttps://publications.gc.ca/collections/collection_2024/sc-hc/H21-312-2024-fra.pdf|z(rapport méthodologique) |
| 856 | 40|qPDF|s334 Ko|uhttps://publications.gc.ca/collections/collection_2024/sc-hc/H21-312-2024-1-fra.pdf|z(sommaire exécutif) |
| 856 | 40|qPDF|s26.10 Mo|uhttps://publications.gc.ca/collections/collection_2024/sc-hc/H21-312-2024-2-fra.pdf|z(tableaux détaillés) |
| 856 | 4 |qHTML|sS.O.|uhttps://epe.bac-lac.gc.ca/100/200/301/pwgsc-tpsgc/por-ef/health/2024/128-23-f/128-23-rapport.html|z(rapport méthodologique) |
| 856 | 4 |qHTML|sS.O.|uhttps://epe.bac-lac.gc.ca/100/200/301/pwgsc-tpsgc/por-ef/health/2024/128-23-f/sommaire/128-23-sommaire.html|z(sommaire exécutif) |